Visualizzazione normale
Vista MARC
- Recalcati Massimo (a cura di)
di Personal Name
Records bibliografici associati: 1
001 - CONTROL NUMBER
- control field: 60729
003 - CONTROL NUMBER IDENTIFIER
- control field:
005 - DATE AND TIME OF LATEST TRANSACTION
- control field: 20240523114927.0
008 - FIXED-LENGTH DATA ELEMENTS
- fixed length control field: 240523|| aca||aabn | a|a d
040 ## - CATALOGING SOURCE
- Original cataloging agency:
- Transcribing agency:
100 ## - HEADING--PERSONAL NAME
- Personal name: Recalcati Massimo (a cura di)
670 ## - SOURCE DATA FOUND
- Source citation: Work cat.: ()210231: Recalcati Massimo (a cura di), Il soggetto vuoto., 2011